Telecommunication switching systems and networks (Record no. 10009)
[ view plain ]
| 000 -LEADER | |
|---|---|
| fixed length control field | 00417 a2200133 4500 |
| 020 ## - INTERNATIONAL STANDARD BOOK NUMBER | |
| International Standard Book Number | 8120307135 |
| 040 ## - CATALOGING SOURCE | |
| Original cataloging agency | DLC |
| Language of cataloging | DLC |
| 100 ## - MAIN ENTRY--PERSONAL NAME | |
| Personal name | Viswanathan, Thiagrajan |
| 245 ## - TITLE STATEMENT | |
| Title | Telecommunication switching systems and networks |
| Statement of responsibility, etc. | Viswanathan, Thiagrajan |
| 260 ## - PUBLICATION, DISTRIBUTION, ETC. | |
| Place of publication, distribution, etc. | New Delhi: |
| Name of publisher, distributor, etc. | Prentice-Hall of India Pvt. Ltd., |
| Date of publication, distribution, etc. | 1992. |
| 300 ## - PHYSICAL DESCRIPTION | |
| Extent | xx, 583 p. : |
| Other physical details | il. ; |
| Dimensions | 24 cm. |
| 500 ## - GENERAL NOTE | |
| General note | Includes Index |
| 942 ## - ADDED ENTRY ELEMENTS (KOHA) | |
| Koha item type | Book |
| Call number prefix | 621.3821 VIS |
| Source of classification or shelving scheme | |
| Withdrawn status | Lost status | Damaged status | Not for loan | Collection code | Permanent Location | Current Location | Shelving location | Date acquired | Source of acquisition | Cost, normal purchase price | Total Checkouts | Full call number | Barcode | Date last seen | Price effective from | Koha item type |
|---|---|---|---|---|---|---|---|---|---|---|---|---|---|---|---|---|
| Central Library (CL) | Central Library (CL) | General Stacks | 01/04/2005 | Multi-Line Books | 353.25 | 621.3821 VIS | SEECS005202 | 09/25/2023 | 01/05/2017 | Book |
